000
00187 a2200097 4500
020
_a
9789871603459
041
_a
spa
100
_a
Rojas, Diego
245
_a
Un Pueblo Sequito
942
_c
BK
999
_c
26677
_d
26677